Miniaturní šachové partie /

Gespeichert in:
Bibliographische Detailangaben
1. Verfasser: Alster, Ladislav (Verfasst von)
Format: Buch
Sprache:Tschechisch
Veröffentlicht: Praha : Olympia, 1988
Ausgabe:2.vyd.
Schlagworte:
Tags: Tag hinzufügen
Keine Tags, Fügen Sie das erste Tag hinzu!

MARC

LEADER 00000nam a22000003a 4500
001 stu34255
005 20150617225730.2
008 920311s1988----cs------------------cze-d
040 |a STU  |b slo 
041 0 |a cze 
044 |a cs 
080 |a 794.1 
100 1 |a Alster, Ladislav  |4 aut 
245 1 |a Miniaturní šachové partie /  |c [aut.]Ladislav Alster 
250 |a 2.vyd. 
260 |a Praha :  |b Olympia,  |c 1988 
300 |a 141 s 
650 7 |a Šach  |2 stusub 
996 |b 284M015095  |c M*2962-1  |l MMKN  |s A  |a 24  |w stu34255_0001